=LDR 00000nam 2200000 4500 =001 INLIS000000000043391 =005 20131008103246 =008 ***********************************ind** =035 ##$$0010-101300000001313 =041 ##$$a ind =082 ##$$a 616.81 =090 ##$$a R 616.81, Tho s =100 ##$$a THOMAS, D.J =245 ##$$a Stroke dan pencegahannya, DJ Thomas; alih bahasa Andry Hastono =260 ##$$a 1995 $b Jakarta =300 ##$$a viii, 145 hlm, ilus, 21 cm =650 ##$$a APLOPLEKSIA =850 ##$$a NBPNMAT